[Event "SRI-chB (Women)"]
[Site "Narahenpita"]
[Date "2017.05.14"]
[Round "5"]
[White "Pasqual, Anuki"]
[Black "Sarathchandra, Gihansa M"]
[Result "1-0"]
[WhiteElo "1553"]
[BlackElo "1322"]
[PlyCount "87"]
[EventDate "2017.05.12"]
[EventType "swiss"]
[EventRounds "10"]
[EventCountry "SRI"]
[SourceTitle "CBM 178 Extra"]
[Source "ChessBase"]
[SourceDate "2017.06.22"]
[SourceVersion "1"]
[SourceVersionDate "2017.06.22"]
[SourceQuality "1"]

1. e4 c5 2. Nc3 g6 3. f4 Nc6 4. Nf3 Bg7 5. Bb5 a6 6. Bxc6 bxc6 7. 0-0 Nf6 8. Qe1 d6 9. d3 Qb6 10. Kh1 Rb8 11. e5 dxe5 12. fxe5 Nd5 13. Ng5 0-0 14. e6 fxe6 15. Rxf8+ Bxf8 16. Nxe6 Bd7 17. Na4 Qb4 18. Qxb4 cxb4 19. Nac5 Bxe6 20. Nxe6 Bg7 21. Nxg7 Kxg7 22. Bg5 Rf8 23. Kg1 h6 24. Bh4 g5 25. Bf2 a5 26. Re1 Rf7 27. g3 Kf8 28. Bd4 Rf5 29. Re6 Kf7 30. Rxc6 Nf6 31. Rc5 Rd5 32. Rxd5 Nxd5 33. Kf2 Kg6 34. c4 bxc3 35. bxc3 Kf5 36. Bg7 h5 37. a3 Nc7 38. c4 e5 39. Bf8 Ne6 40. Bd6 Nd4 41. h3 g4 42. h4 e4 43. Ke3 exd3 44. Kxd3 1-0